Scenes from the homefront / (Record no. 8876)
[ view plain ]
| 000 -LEADER | |
|---|---|
| fixed length control field | 00926pam a2200241 a 4500 |
| 001 - CONTROL NUMBER | |
| control field | 3366571 |
| 003 - CONTROL NUMBER IDENTIFIER | |
| control field | OSt |
| 005 - DATE AND TIME OF LATEST TRANSACTION | |
| control field | 20250901165747.0 |
| 008 - FIXED-LENGTH DATA ELEMENTS--GENERAL INFORMATION | |
| fixed length control field | 870112s1987 ilu s000 1 eng |
| 010 ## - LIBRARY OF CONGRESS CONTROL NUMBER | |
| LC control number | 87004996 |
| 020 ## - INTERNATIONAL STANDARD BOOK NUMBER | |
| International Standard Book Number | 0252014308 (alk. paper) |
| 040 ## - CATALOGING SOURCE | |
| Original cataloging agency | DLC |
| Transcribing agency | DLC |
| Modifying agency | DLC |
| 050 00 - LIBRARY OF CONGRESS CALL NUMBER | |
| Classification number | PS 3572 .O29 S34 1987 |
| Item number | S34 1987 |
| 082 00 - DEWEY DECIMAL CLASSIFICATION NUMBER | |
| Classification number | 813/.54 |
| Edition information | 19 |
| 100 1# - MAIN ENTRY--PERSONAL NAME | |
| Personal name | Vogan, Sara. |
| 245 10 - TITLE STATEMENT | |
| Title | Scenes from the homefront / |
| Statement of responsibility, etc. | Sara Vogan. |
| 260 ## - PUBLICATION, DISTRIBUTION, ETC. | |
| Place of publication, distribution, etc. | Urbana : |
| Name of publisher, distributor, etc. | University of Illinois Press, |
| Date of publication, distribution, etc. | c1987. |
| 300 ## - PHYSICAL DESCRIPTION | |
| Extent | 133 p. ; |
| Dimensions | 21 cm. |
| 440 #0 - SERIES STATEMENT/ADDED ENTRY--TITLE | |
| Title | Illinois short fiction |
| 505 0# - FORMATTED CONTENTS NOTE | |
| Formatted contents note | Scenes from the homefront -- No other women -- Miss Buick of 1942 -- The crane wife -- Angels in the snow -- The confessions of the finch -- The strength of steel -- Sunday's no name band -- China across the bay -- Mozart in the afternoon -- Hearts of a shark. |
| 906 ## - LOCAL DATA ELEMENT F, LDF (RLIN) | |
| a | 7 |
| b | cbc |
| c | orignew |
| d | 1 |
| e | ocip |
| f | 19 |
| g | y-gencatlg |
| 942 ## - ADDED ENTRY ELEMENTS (KOHA) | |
| Source of classification or shelving scheme | Library of Congress Classification |
| Koha item type | Books |
| Withdrawn status | Lost status | Source of classification or shelving scheme | Damaged status | Not for loan | Home library | Current library | Shelving location | Date acquired | Total checkouts | Full call number | Barcode | Date last seen | Price effective from | Koha item type |
|---|---|---|---|---|---|---|---|---|---|---|---|---|---|---|
| Library of Congress Classification | Main Library | Main Library | 10/11/2024 | PS 3572 .O29 S34 1987 | PIU0007567 | 10/11/2024 | 10/11/2024 | Books |